zgadnij stare państwa po opisach - Statystyki

Ogólne statystyki
  • Ten quiz został rozwiązany 174 razy
  • Średni wynik to 8 z 15
Statystyki odpowiedzi
Hint Odpowiedź % Poprawnych
Bombardowali japonie w 1945 Stany zjednoczone
89%
Zbudowali wielki mur Chiny
80%
Powstali nad rzeką nil Egipt
73%
współ pracowali z III rzeszą włochy
73%
Była to unia polsko-litewska Rzeczpospolita obojga narodów
69%
podczas drugiej wojny światowej wywiesili białą flage co oznacza że się poddali byli w alliantach Francja
66%
Byli bombardowani w 1945 roku Japonia
66%
Powstali nad rzeką Indus Indie
60%
Pod swoim władaniem mieli indie i byli mcarstwem pod wzgledem kolonizacji Wielka Brytania
60%
Wiele państw należało do tej komunistycznej republiki Związek Radziecki
60%
Poszli do egiptu gdzie zostali niewolnikami Izrael
59%
pańtwo to zaczeło 2 wojne światową III rzesza
52%
Powstalii na terenach mezopotamii Ządził nimi Hamurabi Babilonia
11%
Powstali na terenach mezopotamii rozwineli takie rzeczy jak: matma koło glancarskie koło żeglarskie Sumerowie
9%
mieli trzy ustroje:Monarchia,Republika,Cesarstwo Starożytny Rzym
2%
Nie znaleziono quizów pasujących do podanych kryteriów
Rozkład punktacji
Procent ludzi z każdym wynikiem
Percentyl według liczby udzielonych odpowiedzi
Twoja historia wyników
Nie rozwiązałeś tego quizu